00657 2200241 4500001002100000005001500021035002000036007000300056008004100059020002200100082001100122084001700133100001800150245007200168250001000240260003800250300003200288650002600320700002000346504002700366990001100393990001100404INLIS00000000000314320190207094019 a0010-0219000085ta190207 a 0 ind  a978-602-1694-33-6 a297.98 a297.98 IZZ k0 aIZZAH, Annisa1 aKomik 10 Pahlawan Islam /cIzzah Annisa; penyunting, Aminah Mustari acet.6 aJakarta :bAl-Kautsar Kids,c2018 a115 hlm. :bilus. ;c25 cm. aISLAM. PAHLAWAN ISLAM0 aAMINAH, Mustari aBibliografi : hlm. 115 a6454 a a6454 b